000 004550000a22001690004500
041 0 _aENG
082 0 4 _aG 301.42 S5411p
100 1 _aShedd, Charlie W.
245 1 0 _aPromises to Peter : Buildin a bridge from parent to child / Charlie W. Shedd
260 _aWaco, TX., USA : Word
300 _a147 Pag
001 9283
942 _cBK
999 _c39338
_d39338
336 _atexto
_btxt
_2rdacontent
337 _2rdamedia
_asin mediación
_bn
338 _2rdacarrier
_avolumen
_bnc